| 000 | 00811nam a22002057a 4500 | ||
|---|---|---|---|
| 003 | BD-DhUL | ||
| 005 | 20160831110906.0 | ||
| 008 | 160831s1984 bg a|||| b||| 001 0 ben | ||
| 040 |
_aBD-DhUL _cBD-DhUL |
||
| 082 |
_a954.03 _bRAS |
||
| 100 | 1 | _aচক্রবর্তী, রতনলাল | |
| 245 | 1 | 0 |
_aসিপাহী যুদ্ধ ও বাংলাদেশ / _cরতনলাল চক্রবর্তী |
| 260 |
_aঢাকা : _bবাংলা একাডেমী, _c১৯৮৪ |
||
| 300 |
_a[৭], ২৩১ পৃ. ; _c২২ সেমি. |
||
| 365 |
_aBDT _b45 |
||
| 504 | _aগ্রন্থপঞ্জি ও নির্ঘন্ট সংবলিত | ||
| 650 | 0 | _aবাংলাদেশ - ইতিহাস | |
| 650 | 0 | _aBangladesh - History | |
| 942 |
_2ddc _cBK |
||
| 999 |
_c103301 _d103301 |
||